[Event "Oberliga Baden 1819"]
[Site "Baden"]
[Date "2018.11.25"]
[Round "3.6"]
[White "Zimmer, Raphael"]
[Black "Prestel, Oliver"]
[Result "1-0"]
[WhiteElo "2046"]
[BlackElo "2136"]
[PlyCount "95"]
[EventDate "2018.10.21"]
[EventType "team-tourn"]
[EventRounds "9"]
[EventCountry "GER"]
[SourceTitle "EXT 2020"]
[Source "ChessBase"]
[SourceDate "2019.10.17"]
[SourceVersion "1"]
[SourceVersionDate "2019.10.17"]
[SourceQuality "1"]
[WhiteTeam "Sasbach"]
[BlackTeam "Untergrombach"]
[WhiteTeamCountry "GER"]
[BlackTeamCountry "GER"]

1. e4 e6 2. Nf3 d5 3. exd5 exd5 4. d4 Bg4 5. h3 Bh5 6. c4 Nc6 7. Qe2+ Qe7 8. Be3 Bxf3 9. gxf3 dxc4 10. Nc3 0-0-0 11. 0-0-0 Na5 12. Qc2 g6 13. f4 Qb4 14. h4 Ne7 15. h5 Bg7 16. a3 Qb3 17. h6 Bf6 18. Ne4 Qa2 19. Qc3 Nb3+ 20. Kc2 Bxd4 21. Bxd4 Nxd4+ 22. Rxd4 Rxd4 23. Qxd4 Qb3+ 24. Kc1 Rd8 25. Bh3+ f5 26. Qc3 Qa2 27. Qc2 Nd5 28. Rd1 Nxf4 29. Rxd8+ Kxd8 30. Ng5 Qa1+ 31. Kd2 Qg1 32. Nxh7 Qxf2+ 33. Kd1 Qf3+ 34. Kc1 Qxh3 35. Qd2+ Nd3+ 36. Kc2 Ke7 37. Qe2+ Kd6 38. Ng5 Qh1 39. Qd2 Ke7 40. h7 Kf6 41. a4 f4 42. Nh3 Qxh3 43. Qc3+ Kg5 44. h8Q Qg2+ 45. Kb1 Qg1+ 46. Ka2 Nc1+ 47. Ka3 Qc5+ 48. b4 1-0

[Event "Oberliga Baden 1819"]
[Site "Baden"]
[Date "2018.11.11"]
[Round "2.6"]
[White "Tiemann, Tobias"]
[Black "Zimmer, Raphael"]
[Result "1/2-1/2"]
[WhiteElo "2127"]
[BlackElo "2046"]
[PlyCount "109"]
[EventDate "2018.10.21"]
[EventType "team-tourn"]
[EventRounds "9"]
[EventCountry "GER"]
[SourceTitle "EXT 2020"]
[Source "ChessBase"]
[SourceDate "2019.10.17"]
[SourceVersion "1"]
[SourceVersionDate "2019.10.17"]
[SourceQuality "1"]
[WhiteTeam "Baden-Baden III"]
[BlackTeam "Sasbach"]
[WhiteTeamCountry "GER"]
[BlackTeamCountry "GER"]

1. d4 d5 2. Nf3 e6 3. g3 Nf6 4. Bg2 b5 5. a4 c6 6. 0-0 Be7 7. Ne5 0-0 8. Nd2 Qb6 9. Nb3 Nbd7 10. Nd3 Re8 11. Bd2 a6 12. Qe1 Ne4 13. Bb4 Bxb4 14. Qxb4 a5 15. Qe1 c5 16. Bxe4 c4 17. Bg2 b4 18. Ndc5 cxb3 19. Nxb3 Ba6 20. Qd2 Rac8 21. Rfc1 Bc4 22. e3 Rc7 23. Qd1 Bxb3 24. cxb3 Rec8 25. Bf1 Nf6 26. Bd3 Kf8 27. Rxc7 Rxc7 28. Rc1 Ke7 29. Rc2 h6 30. Qc1 Kd6 31. h3 Rxc2 32. Qxc2 Qc6 33. Qxc6+ Kxc6 34. f4 Kd6 35. Kf2 Ng8 36. Kf3 Ne7 37. g4 f6 38. h4 e5 39. Bb5 exd4 40. exd4 g5 41. hxg5 fxg5 42. fxg5 hxg5 43. Bd3 Ke6 44. Ke3 Kf6 45. Bh7 Nc8 46. Bf5 Nd6 47. Bd3 Ke6 48. Bg6 Kf6 49. Bd3 Ne8 50. Bf5 Ke7 51. Kf3 Ng7 52. Bc8 Kd6 53. Bf5 Nxf5 54. gxf5 Ke7 55. Kg3 1/2-1/2

[Event "GER-ch U16"]
[Site "Willingen"]
[Date "2018.05.20"]
[Round "1"]
[White "Zimmer, Raphael"]
[Black "Koehler, Lukas"]
[Result "1-0"]
[WhiteElo "2146"]
[BlackElo "1922"]
[PlyCount "67"]
[EventDate "2018.05.19"]
[EventType "swiss"]
[EventRounds "9"]
[EventCountry "GER"]
[SourceTitle "CBM 184 Extra"]
[Source "ChessBase"]
[SourceDate "2018.06.28"]
[SourceVersion "1"]
[SourceVersionDate "2018.06.28"]
[SourceQuality "1"]

1. e4 c5 2. Nf3 e6 3. d4 cxd4 4. Nxd4 a6 5. c4 Qc7 6. Nc3 Nf6 7. Be3 b6 8. a3 Bb7 9. f3 d6 10. Rc1 Nbd7 11. Qd2 Be7 12. Be2 0-0 13. 0-0 Rac8 14. Rfd1 Qb8 15. b4 Bd8 16. Kh1 Ne5 17. Na4 Bc7 18. Qe1 Qa8 19. Qh4 Rfe8 20. Qh3 d5 21. exd5 exd5 22. c5 b5 23. Nc3 Nc4 24. Bg5 Be5 25. Bxc4 dxc4 26. Nf5 Re6 27. Bxf6 Bxf6 28. Ne4 Bxe4 29. fxe4 c3 30. Re1 Rd8 31. Qf3 Bg5 32. Qxc3 f6 33. Qb3 Qc8 34. Ne7+ 1-0

[Event "Verbandsliga Suedbaden 1718"]
[Site "Baden"]
[Date "2018.04.22"]
[Round "8.8"]
[White "Schrems, Hermann"]
[Black "Zimmer, Raphael"]
[Result "0-1"]
[WhiteElo "2108"]
[BlackElo "2146"]
[PlyCount "86"]
[EventDate "2017.10.08"]
[EventType "team-tourn"]
[EventRounds "9"]
[EventCountry "GER"]
[SourceTitle "EXT 2019"]
[Source "ChessBase"]
[SourceDate "2018.10.10"]
[SourceVersion "1"]
[SourceVersionDate "2018.10.10"]
[SourceQuality "1"]
[WhiteTeam "Emmendingen II"]
[BlackTeam "Sasbach"]
[WhiteTeamCountry "GER"]
[BlackTeamCountry "GER"]

1. d4 d5 2. c4 e6 3. Nf3 Nf6 4. g3 Bd6 5. Bg2 dxc4 6. 0-0 a6 7. Nfd2 0-0 8. Nxc4 Be7 9. Nc3 Nbd7 10. e4 c6 11. a4 Nb6 12. Ne3 a5 13. e5 Nfd7 14. f4 Re8 15. Kh1 Bf8 16. b3 c5 17. d5 exd5 18. Nexd5 Nxd5 19. Qxd5 Nb6 20. Qf3 Be6 21. Rb1 Rb8 22. Rb2 Bd7 23. Qf2 Qc7 24. Be3 Rbd8 25. Ne4 Bc6 26. Bxc5 Bxe4 27. Bxb6 Bxg2+ 28. Kxg2 Qc6+ 29. Kg1 Rd3 30. Rc2 Qd5 31. Bc5 Rc8 32. Bxf8 Rxc2 33. Qxc2 Rd2 34. Qxd2 Qxd2 35. Bd6 Qe3+ 36. Kg2 Qxb3 37. h4 h5 38. Kh3 Qxa4 39. Rc1 b5 40. Rc8+ Kh7 41. Rc7 b4 42. Rxf7 Qa1 43. g4 Qa3+ 0-1

[Event "GER CupT 1718 prel7"]
[Site "Sasbach"]
[Date "2018.01.13"]
[Round "1.4"]
[White "Zimmer, Raphael"]
[Black "Henrich, David"]
[Result "1/2-1/2"]
[WhiteElo "2122"]
[BlackElo "2092"]
[PlyCount "78"]
[EventDate "2018.01.13"]
[EventType "team-k.o."]
[EventRounds "2"]
[EventCountry "GER"]
[SourceTitle "EXT 2019"]
[Source "ChessBase"]
[SourceDate "2018.10.10"]
[SourceVersion "1"]
[SourceVersionDate "2018.10.10"]
[SourceQuality "1"]
[WhiteTeam "Sasbach"]
[BlackTeam "Frankfurt TV"]
[WhiteTeamCountry "GER"]
[BlackTeamCountry "GER"]

1. e4 d6 2. Bc4 Nf6 3. d3 e6 4. Nc3 d5 5. Bb3 dxe4 6. dxe4 Qxd1+ 7. Kxd1 Bb4 8. Nge2 0-0 9. f3 Rd8+ 10. Ke1 Na6 11. Bc4 b6 12. a3 Be7 13. Bf4 Ne8 14. Ba2 Bb7 15. Kf2 Bc5+ 16. Be3 Rd2 17. Rac1 Rad8 18. Bc4 R2d7 19. Rhd1 Bxe3+ 20. Kxe3 Nd6 21. Ba2 c5 22. Rd3 Nc7 23. Rcd1 Bc6 24. g4 Ndb5 25. Nxb5 Bxb5 26. c4 Ba4 27. Rxd7 Rxd7 28. Rxd7 Bxd7 29. e5 h6 30. Bb1 Kf8 31. Nc3 Ke7 32. Bc2 Bc8 33. Be4 Ba6 34. b3 Bc8 35. Bc6 Bd7 36. Bb7 a5 37. f4 Ne8 38. g5 hxg5 39. fxg5 g6 1/2-1/2

[Event "GER-chT U20"]
[Site "Duesseldorf"]
[Date "2017.12.29"]
[Round "6.4"]
[White "Zimmer, Raphael"]
[Black "Sabirov, Ramil"]
[Result "0-1"]
[WhiteElo "2122"]
[BlackElo "2093"]
[PlyCount "27"]
[EventDate "2017.12.27"]
[EventType "team-swiss"]
[EventRounds "7"]
[EventCountry "GER"]
[SourceTitle "CBM 182 Extra"]
[Source "ChessBase"]
[SourceDate "2018.02.23"]
[SourceVersion "1"]
[SourceVersionDate "2018.02.23"]
[SourceQuality "1"]
[WhiteTeam "Sasbach U20"]
[BlackTeam "Porz SG U20"]
[WhiteTeamCountry "GER"]
[BlackTeamCountry "GER"]

1. e4 c5 2. Nf3 Nc6 3. d4 cxd4 4. Nxd4 Qb6 5. Nb3 Nf6 6. Nc3 e6 7. Bd3 a6 8. Be3 Qc7 9. f4 d6 10. Qf3 Be7 11. 0-0-0 0-0 12. g4 b5 13. g5 Nd7 14. h4 0-1

[Event "Verbandsliga Suedbaden 1718"]
[Site "Baden"]
[Date "2017.12.03"]
[Round "3.7"]
[White "Zimmer, Raphael"]
[Black "Schmitt, Anatole"]
[Result "1-0"]
[WhiteElo "2146"]
[BlackElo "1793"]
[PlyCount "121"]
[EventDate "2017.10.08"]
[EventType "team-tourn"]
[EventRounds "9"]
[EventCountry "GER"]
[SourceTitle "EXT 2019"]
[Source "ChessBase"]
[SourceDate "2018.10.10"]
[SourceVersion "1"]
[SourceVersionDate "2018.10.10"]
[SourceQuality "1"]
[WhiteTeam "Sasbach"]
[BlackTeam "Heitersheim"]
[WhiteTeamCountry "GER"]
[BlackTeamCountry "GER"]

1. e4 e6 2. Nf3 d5 3. exd5 exd5 4. d4 Nf6 5. h3 Bf5 6. c4 c6 7. Nc3 dxc4 8. Bxc4 Bd6 9. 0-0 0-0 10. Re1 Nbd7 11. Qb3 Nb6 12. Bf1 Qc7 13. Bg5 Nfd5 14. Rac1 a6 15. a4 Be6 16. Qd1 Rfe8 17. Bd3 Nb4 18. Bb1 N6d5 19. Bd2 Bf8 20. Ng5 g6 21. Nxe6 fxe6 22. Qg4 e5 23. Nxd5 Nxd5 24. Ba2 Qd6 25. dxe5 Rxe5 26. Rxe5 Qxe5 27. Bc3 Qf5 28. Qd4 Kf7 29. Rd1 Rd8 30. Rd3 Ke8 31. g4 Qe6 32. Rd1 Qd6 33. Re1+ Kd7 34. Qa7 Qb8 35. Qd4 Qd6 36. Qh8 Nxc3 37. Qxh7+ Kc8 38. bxc3 Qd2 39. Rb1 b5 40. Be6+ Kb8 41. axb5 axb5 42. Qxg6 Bc5 43. Rf1 Qxc3 44. Kg2 b4 45. h4 Rf8 46. Qe4 Bb6 47. h5 b3 48. h6 Qd2 49. Qe5+ Bc7 50. Qe3 Qxe3 51. fxe3 Rh8 52. Rh1 b2 53. Ba2 Bd8 54. h7 Kc7 55. Bg8 Be7 56. Kf3 Kd6 57. Ke4 Bf6 58. Kf5 Ke7 59. e4 c5 60. e5 Bg7 61. Rb1 1-0

[Event "EU-ch U14 27th"]
[Site "Mamaia"]
[Date "2017.09.09"]
[Round "5"]
[White "Zimmer, Raphael"]
[Black "Horobrijs, Daniils"]
[Result "1-0"]
[WhiteElo "2107"]
[BlackElo "1933"]
[PlyCount "71"]
[EventDate "2017.09.05"]
[EventType "swiss"]
[EventRounds "9"]
[EventCountry "ROU"]
[SourceTitle "CBM 180 Extra"]
[Source "ChessBase"]
[SourceDate "2017.10.06"]
[SourceVersion "1"]
[SourceVersionDate "2017.10.06"]
[SourceQuality "1"]

1. e4 c5 2. Nf3 d6 3. d4 cxd4 4. Nxd4 Nf6 5. f3 e5 6. Nb3 Be6 7. c4 Nbd7 8. Be3 Rc8 9. N3d2 b5 10. Nc3 bxc4 11. Qa4 d5 12. exd5 Nxd5 13. Nxd5 Bxd5 14. Rc1 Bc5 15. Bxc5 Rxc5 16. Nb3 Qg5 17. Kf2 Bc6 18. Qb4 a5 19. Qd2 Qh4+ 20. g3 Qf6 21. Nxc5 Qxf3+ 22. Ke1 Nxc5 23. Rxc4 Qxh1 24. Rxc5 0-0 25. Rxe5 Qf3 26. Qxa5 h6 27. Qc3 Qf6 28. Be2 Qg6 29. Bd3 Qd6 30. Bc2 Rd8 31. Re3 Bb5 32. a4 Ba6 33. b4 Rc8 34. Qxc8+ Bxc8 35. Re8+ Qf8 36. Bh7+ 1-0

[Event "Baden CupT final"]
[Site "Baden"]
[Date "2017.07.23"]
[Round "5.3"]
[White "Zimmer, Raphael"]
[Black "Hommeles, Theo"]
[Result "0-1"]
[WhiteElo "2115"]
[BlackElo "2357"]
[PlyCount "116"]
[EventDate "2017.07.22"]
[EventType "team-tourn"]
[EventRounds "2"]
[EventCountry "GER"]
[SourceTitle "EXT 2022"]
[Source "ChessBase"]
[SourceDate "2021.10.06"]
[SourceVersion "1"]
[SourceVersionDate "2021.10.06"]
[SourceQuality "1"]
[WhiteTeam "Sasbach"]
[BlackTeam "Emmendingen"]
[WhiteTeamCountry "GER"]
[BlackTeamCountry "GER"]

1. e4 e5 2. Nf3 Nc6 3. d4 exd4 4. Bc4 Nf6 5. e5 Ne4 6. 0-0 d5 7. Bb5 Bc5 8. Nxd4 Bxd4 9. Qxd4 0-0 10. Bxc6 bxc6 11. c4 f6 12. Bf4 fxe5 13. Bxe5 Ng5 14. Rd1 Ne6 15. Qg4 Qe7 16. Qg3 d4 17. c5 Rb8 18. Nd2 Rxb2 19. Ne4 Ba6 20. Qa3 Re2 21. f3 Bc4 22. Bxd4 Rd8 23. Qc3 Bd5 24. Ng3 Nf4 25. Bf2 Rxa2 26. Nf5 Ne2+ 27. Kh1 Nxc3 28. Nxe7+ Kf7 29. Rxa2 Nxd1 30. Nxd5 Nxf2+ 31. Kg1 cxd5 32. Kxf2 Ra8 33. Ke3 a5 34. Kd4 c6 35. Ke5 Ke7 36. Ra4 Kd7 37. h4 Kc7 38. h5 Kb7 39. Ke6 Ka6 40. Kf7 Ra7+ 41. Kg8 Kb5 42. Ra1 h6 43. f4 Kxc5 44. f5 Kd4 45. Kh7 Ke5 46. Kg6 d4 47. f6 gxf6 48. Kxh6 d3 49. Kg6 c5 50. h6 c4 51. h7 Rxh7 52. Kxh7 d2 53. Kg6 a4 54. g4 c3 55. Rd1 a3 56. g5 fxg5 57. Kxg5 c2 58. Rxd2 c1Q 0-1

[Event "GER-ch U14"]
[Site "Willingen"]
[Date "2017.06.10"]
[Round "9"]
[White "Zimmer, Raphael"]
[Black "Pajeken, Jakob Leon"]
[Result "1-0"]
[WhiteElo "2018"]
[BlackElo "2064"]
[PlyCount "91"]
[EventDate "2017.06.04"]
[EventType "swiss"]
[EventRounds "9"]
[EventCountry "GER"]
[SourceTitle "CBM 178 Extra"]
[Source "ChessBase"]
[SourceDate "2017.06.22"]
[SourceVersion "1"]
[SourceVersionDate "2017.06.22"]
[SourceQuality "1"]

1. e4 e5 2. Nf3 Nc6 3. Bb5 a6 4. Ba4 Nf6 5. d4 exd4 6. 0-0 Be7 7. Re1 b5 8. Bb3 d6 9. Bd5 Nxd5 10. exd5 Ne5 11. Nxd4 0-0 12. a4 Bd7 13. Nc3 b4 14. Nce2 Bf6 15. b3 Qb8 16. Ng3 Qb7 17. Ndf5 Rae8 18. Rb1 Qc8 19. Ne3 Ng4 20. h3 Nxe3 21. Bxe3 Be5 22. f4 Bc3 23. Re2 c5 24. dxc6 Qxc6 25. Qd3 Bc8 26. Rd1 Rd8 27. Bd4 a5 28. Bxc3 bxc3 29. Qd5 Qc7 30. Re3 Bb7 31. Qd4 Qc6 32. Ne4 f6 33. Qxc3 Rfe8 34. Qxc6 Bxc6 35. Rde1 Kf7 36. Kf2 g6 37. Nd2 d5 38. Rxe8 Rxe8 39. Rxe8 Bxe8 40. Ke3 Ke6 41. Nf1 g5 42. fxg5 fxg5 43. Kd4 Bg6 44. Ne3 h5 45. c3 h4 46. b4 1-0

[Event "GER-ch U14"]
[Site "Willingen"]
[Date "2017.06.04"]
[Round "2"]
[White "Zimmer, Raphael"]
[Black "Biermann, Florian"]
[Result "1-0"]
[WhiteElo "2018"]
[BlackElo "1931"]
[PlyCount "45"]
[EventDate "2017.06.04"]
[EventType "swiss"]
[EventRounds "9"]
[EventCountry "GER"]
[SourceTitle "CBM 178 Extra"]
[Source "ChessBase"]
[SourceDate "2017.06.22"]
[SourceVersion "1"]
[SourceVersionDate "2017.06.22"]
[SourceQuality "1"]

1. e4 c5 2. Nf3 e6 3. d4 cxd4 4. Nxd4 a6 5. c4 Nf6 6. Nc3 Qc7 7. a3 d6 8. Be2 b6 9. Be3 Bb7 10. f3 Nbd7 11. 0-0 Be7 12. Qd2 0-0 13. Rac1 Rac8 14. Rfd1 Qb8 15. b4 h5 16. Kh1 h4 17. Qe1 h3 18. Qg3 hxg2+ 19. Qxg2 Rfe8 20. Rg1 Bf8 21. Bh6 g6 22. Qh3 Nh5 23. Qxh5 1-0

[Event "Verbandsliga Suedbaden 1617"]
[Site "Baden"]
[Date "2017.01.15"]
[Round "5.7"]
[White "Zimmer, Raphael"]
[Black "Jehnichen, Guenther"]
[Result "0-1"]
[WhiteElo "2170"]
[BlackElo "2033"]
[PlyCount "64"]
[EventDate "2016.10.09"]
[EventType "team-tourn"]
[EventRounds "9"]
[EventCountry "GER"]
[SourceTitle "EXT 2022"]
[Source "ChessBase"]
[SourceDate "2021.10.06"]
[SourceVersion "1"]
[SourceVersionDate "2021.10.06"]
[SourceQuality "1"]
[WhiteTeam "Sasbach"]
[BlackTeam "Gottmadingen"]
[WhiteTeamCountry "GER"]
[BlackTeamCountry "GER"]

1. e4 c5 2. Nf3 e6 3. d4 cxd4 4. Nxd4 a6 5. c4 Qc7 6. Be3 Nf6 7. Nc3 Be7 8. Be2 d6 9. Rc1 0-0 10. Qd2 Nc6 11. f3 Nxd4 12. Qxd4 Bd7 13. 0-0 Bc6 14. b4 Rfd8 15. Rfd1 Rac8 16. a4 Be8 17. Bf1 Nh5 18. g3 Bf6 19. Qb6 Qb8 20. b5 axb5 21. g4 Bxc3 22. Rxc3 Rc6 23. Qxb5 Nf6 24. Qb3 Nd7 25. Bg2 Ne5 26. h3 Qc7 27. Bf1 Nxf3+ 28. Kf2 Ne5 29. c5 dxc5 30. Rxd8 Qxd8 31. Qxb7 Rb6 32. Qa7 Nc6 0-1

[Event "EU-ch U14 26th"]
[Site "Prague"]
[Date "2016.08.22"]
[Round "5"]
[White "Kopylov, Daniel"]
[Black "Zimmer, Raphael"]
[Result "0-1"]
[WhiteElo "2050"]
[BlackElo "2180"]
[PlyCount "70"]
[EventDate "2016.08.18"]
[EventType "swiss"]
[EventRounds "9"]
[EventCountry "CZE"]
[SourceTitle "CBM 174 Extra"]
[Source "ChessBase"]
[SourceDate "2016.10.10"]
[SourceVersion "1"]
[SourceVersionDate "2016.10.10"]
[SourceQuality "1"]

1. e4 e5 2. Nf3 Nc6 3. d4 exd4 4. Nxd4 Nf6 5. Nxc6 bxc6 6. e5 Qe7 7. Qe2 Nd5 8. c4 Ba6 9. Nd2 g6 10. Nf3 Qb4+ 11. Kd1 Rb8 12. Qc2 Nb6 13. b3 Bg7 14. Bd2 Qe7 15. Bc3 0-0 16. Bd3 c5 17. Qe2 d5 18. Kc2 dxc4 19. bxc4 Qe6 20. Nd2 Qc6 21. f4 Qa4+ 22. Kc1 Rfd8 23. Rd1 Qa3+ 24. Kc2 Na4 25. Nb3 Nxc3 26. Kxc3 Rd4 27. g3 Bxc4 28. Bxc4 Qb4+ 29. Kb2 Rxc4 30. Rac1 Re4 31. Qd2 Qxd2+ 32. Rxd2 c4 33. Rd7 cxb3 34. axb3 Re2+ 35. Ka3 Bf8+ 0-1

[Event "EU-ch U14 26th"]
[Site "Prague"]
[Date "2016.08.21"]
[Round "4"]
[White "Zimmer, Raphael"]
[Black "Huynh, Laurent"]
[Result "1-0"]
[WhiteElo "2180"]
[BlackElo "1934"]
[PlyCount "80"]
[EventDate "2016.08.18"]
[EventType "swiss"]
[EventRounds "9"]
[EventCountry "CZE"]
[SourceTitle "CBM 174 Extra"]
[Source "ChessBase"]
[SourceDate "2016.10.10"]
[SourceVersion "1"]
[SourceVersionDate "2016.10.10"]
[SourceQuality "1"]

1. e4 c5 2. Nf3 d6 3. d4 cxd4 4. Nxd4 Nf6 5. f3 g6 6. c4 Bg7 7. Be3 0-0 8. Qd2 Nc6 9. Nc3 Nxd4 10. Bxd4 Be6 11. Rc1 Qa5 12. Be2 Rfc8 13. b3 Nd7 14. Be3 Ne5 15. 0-0 Nc6 16. Rfd1 Rab8 17. Bf1 Rf8 18. Nd5 Qxd2 19. Rxd2 b6 20. b4 Rfc8 21. a3 Kf8 22. c5 dxc5 23. bxc5 b5 24. Nb4 Ke8 25. Nxc6 Rxc6 26. Rb1 a6 27. Rc2 Rbc8 28. Rb4 f5 29. a4 bxa4 30. exf5 Bb3 31. Rf2 gxf5 32. Bd3 e6 33. g4 f4 34. Bxf4 Rxc5 35. Bxa6 Ra8 36. Bb5+ Kf7 37. Be3 Re5 38. Bc6 Rc8 39. Be4 Ra5 40. Bb6 Ra6 1-0

[Event "EU-ch U14 26th"]
[Site "Prague"]
[Date "2016.08.18"]
[Round "1"]
[White "Lavorgna, Filippo"]
[Black "Zimmer, Raphael"]
[Result "0-1"]
[WhiteElo "1849"]
[BlackElo "2180"]
[PlyCount "108"]
[EventDate "2016.08.18"]
[EventType "swiss"]
[EventRounds "9"]
[EventCountry "CZE"]
[SourceTitle "CBM 174 Extra"]
[Source "ChessBase"]
[SourceDate "2016.10.10"]
[SourceVersion "1"]
[SourceVersionDate "2016.10.10"]
[SourceQuality "1"]

1. c4 c5 2. g3 Nf6 3. Bg2 d5 4. cxd5 Nxd5 5. Nc3 Nc7 6. Nf3 Nc6 7. 0-0 e5 8. a3 f6 9. d3 Be7 10. Rb1 0-0 11. Nd2 Be6 12. Nc4 Qd7 13. a4 Rab8 14. Ra1 b6 15. f4 Nd5 16. Ne3 Ndb4 17. Nc4 Bd6 18. Be3 Bc7 19. fxe5 Nxe5 20. Nxe5 Bxe5 21. a5 Bd4 22. Bxd4 cxd4 23. Qa4 Qxa4 24. Nxa4 Nc2 25. Rac1 Rfc8 26. axb6 axb6 27. b4 Bb3 28. Nb2 Nxb4 29. Nc4 Bxc4 30. dxc4 Rc5 31. Rfd1 Rd8 32. Rd2 Rd6 33. Rb2 Na6 34. Rcb1 Rxc4 35. Rxb6 Rxb6 36. Rxb6 Nc7 37. Rc6 Rxc6 38. Bxc6 Kf7 39. Kf2 f5 40. e3 dxe3+ 41. Kxe3 Kf6 42. Bf3 Ke5 43. Kf2 Ne6 44. Kg2 Kd4 45. Bc6 Ke3 46. Bd5 Nd4 47. Bg8 h6 48. h4 Ke4 49. Bh7 Nc2 50. Kh3 Ne3 51. Bg6 Kf3 52. Bh5+ Ng4 53. Bg6 Nf2+ 54. Kh2 Kg4 0-1

[Event "GER-ch U14"]
[Site "Willingen"]
[Date "2016.05.21"]
[Round "9"]
[White "Wong, Gengchun"]
[Black "Zimmer, Raphael"]
[Result "0-1"]
[WhiteElo "1974"]
[BlackElo "2067"]
[PlyCount "96"]
[EventDate "2016.05.15"]
[EventType "swiss"]
[EventRounds "9"]
[EventCountry "GER"]
[SourceTitle "CBM 172 Extra"]
[Source "ChessBase"]
[SourceDate "2016.06.21"]
[SourceVersion "1"]
[SourceVersionDate "2016.06.21"]
[SourceQuality "1"]

1. e4 e5 2. Nf3 Nc6 3. Bb5 a6 4. Bxc6 dxc6 5. 0-0 Qd6 6. d4 exd4 7. Nxd4 Bd7 8. Be3 0-0-0 9. Nd2 Qg6 10. Qf3 Nf6 11. c3 Re8 12. Rfe1 Nxe4 13. Nxe4 Rxe4 14. Bf4 Rxe1+ 15. Rxe1 Bc5 16. Nb3 Bb6 17. c4 Be6 18. c5 Ba7 19. Qc3 Rd8 20. Qe5 Bb8 21. Bg3 Rd5 22. Qc3 Ba7 23. h3 Qg5 24. Rc1 h5 25. Qa5 Qe7 26. Qb4 Qg5 27. Bf4 Qe7 28. Na5 Bb6 29. Nb3 Rf5 30. Be3 Bd5 31. Qd4 Ba7 32. Qxg7 Qe4 33. Nd2 Qe6 34. Bg5 Qe8 35. Nf1 Re5 36. Bf4 Re6 37. Qc3 Rg6 38. Ne3 Qe4 39. Bg3 b6 40. Qh8+ Kb7 41. Nxd5 Qxd5 42. b3 a5 43. Qe5 Qxe5 44. Bxe5 Re6 45. Bd4 Re2 46. a4 b5 47. h4 Re4 48. Bf6 Rb4 0-1

[Event "GER-ch U14"]
[Site "Willingen"]
[Date "2016.05.17"]
[Round "5"]
[White "Zimmer, Raphael"]
[Black "Faerber, David"]
[Result "1-0"]
[WhiteElo "2067"]
[BlackElo "2066"]
[PlyCount "63"]
[EventDate "2016.05.15"]
[EventType "swiss"]
[EventRounds "9"]
[EventCountry "GER"]
[SourceTitle "CBM 172 Extra"]
[Source "ChessBase"]
[SourceDate "2016.06.21"]
[SourceVersion "1"]
[SourceVersionDate "2016.06.21"]
[SourceQuality "1"]

1. e4 c5 2. Nf3 Nc6 3. d4 cxd4 4. Nxd4 e5 5. Nb5 d6 6. c4 Be7 7. Be2 f5 8. N1c3 a6 9. Na3 Nf6 10. exf5 Bxf5 11. Be3 0-0 12. 0-0 Qd7 13. Nd5 Bd8 14. Nc2 Nxd5 15. Qxd5+ Kh8 16. Bd3 Be6 17. Qe4 g6 18. Bd2 Bf6 19. Ne3 Bf5 20. Nxf5 gxf5 21. Qxf5 Qg7 22. Qh3 Rg8 23. Be4 Ne7 24. Rad1 Rac8 25. b3 b5 26. Be3 Rgd8 27. Bb6 Rf8 28. Rxd6 bxc4 29. Be3 cxb3 30. Bh6 Qf7 31. Bxf8 Rxf8 32. Rxf6 1-0

[Event "GER-ch U14"]
[Site "Willingen"]
[Date "2016.05.16"]
[Round "3"]
[White "Zimmer, Raphael"]
[Black "Wierzbicki, Jirawat"]
[Result "1-0"]
[WhiteElo "2067"]
[BlackElo "1937"]
[PlyCount "119"]
[EventDate "2016.05.15"]
[EventType "swiss"]
[EventRounds "9"]
[EventCountry "GER"]
[SourceTitle "CBM 172 Extra"]
[Source "ChessBase"]
[SourceDate "2016.06.21"]
[SourceVersion "1"]
[SourceVersionDate "2016.06.21"]
[SourceQuality "1"]

1. e4 e5 2. Nf3 Nc6 3. d4 exd4 4. Bc4 Nf6 5. 0-0 Nxe4 6. Re1 d5 7. Bxd5 Qxd5 8. Nc3 Qh5 9. Nxe4 Be6 10. Bg5 Bd6 11. Nxd6+ cxd6 12. Bf4 Qd5 13. c3 Rc8 14. b3 0-0 15. Nxd4 Nxd4 16. Qxd4 Qxd4 17. cxd4 Rc6 18. Rac1 Ra6 19. Rc7 Bd5 20. Re2 h6 21. f3 Rd8 22. Kf2 Kf8 23. Rd2 Ke8 24. Re2+ Kf8 25. h4 Re8 26. Rd2 Re7 27. Rc8+ Re8 28. Rc3 Re6 29. a4 Rb6 30. Rb2 Rb4 31. Rd3 Bc4 32. Rc3 d5 33. Rbc2 Rxb3 34. Rxb3 Bxb3 35. Rc8+ Ke7 36. Rc7+ Ke8 37. Rxb7 Bxa4 38. Rxa7 Bb5 39. Ra8+ Ke7 40. Rg8 Re2+ 41. Kg1 g6 42. Bxh6 Re1+ 43. Kh2 Rd1 44. Bg5+ Ke6 45. Rb8 Bc4 46. Rb6+ Kd7 47. Rb7+ Ke8 48. Re7+ Kf8 49. Bf6 Rd2 50. Rd7 Re2 51. Kh3 Re6 52. Bg5 Kg7 53. g4 Re1 54. Rd8 Rd1 55. Bf4 f6 56. Rd7+ Kg8 57. Bh6 Re1 58. Rg7+ Kh8 59. Rxg6 Re6 60. Bg5 1-0